[Event "Titled Tuesday intern op 28th Feb Early"]
[Site "Chess.com INT"]
[Date "2023.02.28"]
[Round "6"]
[White "Piskov, Yury"]
[Black "Kamsky, Gata"]
[Result "1/2-1/2"]
[WhiteElo "2442"]
[BlackElo "2664"]
[PlyCount "134"]
[EventDate "2023.02.28"]
[EventType "swiss (blitz)"]
[EventRounds "11"]
[EventCountry "USA"]
[SourceTitle "CBM 213 Extra"]
[Source "ChessBase"]
[SourceDate "2023.05.31"]
[SourceVersion "1"]
[SourceVersionDate "2023.05.31"]
[SourceQuality "1"]

1. b3 d5 2. Bb2 Bf5 3. d3 e6 4. Nf3 h6 5. Nbd2 Nf6 6. h3 Nbd7 7. g4 Bh7 8. e3 a5 9. a4 Bb4 10. Bg2 c6 11. 0-0 0-0 12. Re1 Re8 13. Ne5 Nxe5 14. Bxe5 Nd7 15. Bb2 e5 16. c3 Bf8 17. Qc2 Nc5 18. e4 dxe4 19. dxe4 Nd3 20. Red1 Nxb2 21. Qxb2 Bc5 22. Nc4 Qe7 23. Ne3 Bxe3 24. fxe3 Red8 25. c4 Qc5 26. Qe2 f6 27. Kh1 Bg6 28. Rd3 Rd6 29. Rxd6 Qxd6 30. Rd1 Qe7 31. Qd3 Bf7 32. Qd6 Kf8 33. Qd7 Be6 34. Qd3 Qb4 35. Kg1 Re8 36. Kf1 Kf7 37. Ke2 Re7 38. Qc2 Rd7 39. Rxd7+ Bxd7 40. Qd3 Ke7 41. Qc2 Be6 42. Kf2 Qc5 43. Bf1 b5 44. Qa2 bxa4 45. Qxa4 Kd7 46. Qa1 Kc7 47. Qd1 Qb4 48. Be2 Qc3 49. h4 Qb4 50. Qc2 Kd6 51. h5 Ke7 52. Qd3 Qc5 53. Qc2 Kd6 54. Qd2+ Kc7 55. Qc2 Qb4 56. Bf3 c5 57. Be2 Bd7 58. Qd1 Bc6 59. Qd3 a4 60. bxa4 Qxa4 61. Bf3 Qa2+ 62. Kg3 Qa1 63. Kf2 Qb2+ 64. Kg1 Qc1+ 65. Kf2 Qb2+ 66. Kg1 Qa1+ 67. Kf2 Qb2+ 1/2-1/2